000 00564nam a22002297a 4500
003 UA-OsUOA
001 48240
007 ta
008 20070831b un ||||| |||| 00| 0 ukr d
100 _aАсеев Н.
090 _a821,161,1
_bА90
942 _cBK
040 _aUA-OsUOA
_brus
_cUA-OsUOA
_dUA-OsUOA
245 _aРазговор о поэзии
300 _a95 с.
955 _a2
041 _arus
080 _a821,161,1
260 _aМ.
_c1962
650 7 _a82 Література. Літературознавство
_2UDC
999 _c334343
_d334343